000 00759nam a2200205 a 4500
001 BRCA_1612
005 20190320203459.0
008 950310s1994 mx-a---##b---#000-0#spa-#
020 _a9682960576
040 _aDLC
_cDLC
050 4 _aND259.P3
_b.W65 1994
245 1 0 _aWolfgang Paalen
_bretrospectiva.
260 _aMéxico
_bINBA : MACG
_c1994
300 _a277 p.
_bil. (algunas a color)
_c28 cm.
500 _aCatálogo de la exposición realizada en el Museo de Arte Contemporáneo Alvar y Carmen T. de Carrillo Gil (Ciudad de México), julio - septiembre, 1994
500 _aIncluye catálogo de exposición
600 1 4 _aPaalen, Wolfgang
_d1905-1959
_vExposiciones
_95068
650 1 4 _aPintores
_vExposiciones
_ySiglo XX
_zMéxico
_95069
942 _2lcc
_cB
999 _c1423
_d1423